00382 a2200145 4500003000400000005001700004008004100021020001800062040000900080082001500089100001700104245006400121260004100185300001000226OSt20230902135811.0230902b |||||||| |||| 00| 0 eng d a9789325969230 coclc a337bDWI/I aDwivedi, D N aINTERNATIONAL ECONOMICS bTheory and policy/ cD N Dwivedi aNew Delhi:bVikas publishing,c2022. a540 p